000 00685nas a2200229 4500
001 BR8804448
003 BR-BrBNA
005 20231205091236.0
007 ta
008 230509b bl.|||p| |||| 00| 00por d
040 _aBR-BrBNA
_bpor
_cBiblioteca Nacional de Agricultura
041 _a(Pt)
072 _aH10
100 1 _aRaposo Filho, J.R.
100 1 _aRodrigues, V.M.
245 1 _aO orgao de Vander Vecht em Mischocytlarus extinctus zinkan (Polistinae, Vespidae)
650 _aVESPA
650 _aGLANDULA
773 0 _tNaturalia (Brazil)
_xISSN 0101-1944
_g(1986-1987), v. 11-12 p. 107-116
_wBR8804448
909 _a202311
_bLúcia
_c55
_dLúcia Elande
942 _2AGRIS
_n0
_cANA
999 _c123806
_d123806